Statistics for KPOP: Twice MV songs by release date

Click here to take the quiz!

General Stats

  • This quiz has been taken 1,747 times
    (1,707 since last reset)
  • The average score is 9 of 12

Answer Stats

DateSong% Correct
April 24, 2016Cheer Up
91%
October 23, 2016TT
89%
October 17, 2015Like Ooh-Ahh
84%
April 09, 2018What Is Love?
81%
October 30, 2017LIKEY
80%
May 15, 2017Signal
79%
February 19, 2017Knock Knock
77%
July 09, 2018Dance the Night Away
76%
December 11, 2017Heart Shaker
72%
November 05, 2018YES or YES
72%
December 12, 2018The Best Thing I Ever Did
38%
December 31, 2017Merry & Happy
36%

Score Distribution

Percentile by Number Answered

Percent of People with Each Score

Your Score History

You have not taken this quiz since the last reset